1327 1651 1424 1293 1815 1293 1643 1009 1896 1110 1133 1316 1147 1869 1405 1280 1742 1604 1752 1808 1700 1951 1420 1242 1388 1505 1829 1982 1757 1774 1664 1893 1987 1572 1395 1304 1480 1436 1214 1215 1030 1123 1541 1836 1956 1458 1664 1025 1849 1388 1977 1338 1948 1357 1452 1764 1292 1342 1992 1130 1787 1567 1939 1101 1190 1030 1182 1624 1142 1291 1554 1077 1941 1679 1596 1881 1397 1833 1040 1123 1423 1398 1522 1736 1003 1258 1080 1403 1755 1954 1892 1732 1282 1624 1498 1553 1902 1527 1973 BCNSPRNW ULIB Ver.6.0+V

เปลี่ยนเป็นภาษาไทย

Change to English
 แสดงรายละเอียดบรรณานุกรม
  กลับหน้าหลัก

Brief Record : Get Marc (ISO 2709) : E-mail record : QR code < ปิดหน้าต่าง
LEADER : 00000nam 2200000uu 4500
001    13399126370
003     ULIB
008    180911s2560||||th 000 0 tha d
020    ^a9786161822019
050 00 ^aBF455^bอ72
100 1  ^aอะคิระ, อุเอะนิชิ
245 10 ^aพูดเรื่องบวกเรียกโชคดี พูดเรื่องดีเรียกความสุข /^cอุเอะนิชิ อะคิระ, เขียน ; ปาวัน การสมใจ, แปล
260    ^aกรุงเทพฯ :^bอมรินทร์ฮาวทู,^c2560
300    ^a171 หน้า
650  4 ^aการพูด
700 0  ^aปาวัน การสมใจ
945    ^p195^l0^i004599
999    ^aวรรณษา ชูชัยมงคล
รายการนี้ยังไม่มีแท็ก
คุณยังไม่ได้ล็อกอิน คุณสามารถมีกิจกรรมร่วมกับเว็บไซต์ได้ แต่ต้องล็อกอินก่อน ::
  ล็อกอิน

รายการสื่อสารสนเทศ

ลำดับที่ ประเภท เลขเรียก/บาร์โค้ด สถานที่ สถานะ
1. การศึกษาทั่วไป
หนังสือสำรอง
สถานะ=หนังสือสำรอง
BF455 อ72 ฉ.1 
  Barcode: 004599
ห้องสมุดวิทยาเขตสวรรค์ประชารักษ์
►หนังสือทั่วไป
ถูกยืม กำหนดส่งวันที่ 9 กุมภาพันธ์ 2569
  จอง

รายการใกล้เคียง
    ผู้แต่ง [อะคิระ, อุเอะนิชิ]

    หัวเรื่อง [การพูด]

BibComment


ยังไม่เคยถูกคอมเมนท์

คอมเมนท์ทรัพยากรรายการนี้
  คอมเมนท์: พูดเรื่องบวกเรีย..


 Copyright 2026. Bcnsprnw @Library